Arengas

Sparad:
Bibliografiska uppgifter
Huvudupphovsman: Mitre, Bartolomé (autor)
Materialtyp: Bok
Språk:spanska
Publicerad: Buenos Aires La Nación 1850
Upplaga:3a. ed
Ämnen:
Taggar: Lägg till en tagg
Inga taggar, Lägg till första taggen!

MARC

LEADER 00000nam a2200000 a 4500
001 UCO3159
003 CL-VaPUC
005 20240610131633.0
008 000714e18500000AG |||||||||||||||||spa|d
999 |c 289629  |d 289627 
040 |c Pontificia Universidad Católica de Valparaíso 
082 0 4 |a 885  |b MIT  |2 21 
100 |a Mitre, Bartolomé  |e autor  |9 315189 
245 1 0 |a Arengas 
250 |a 3a. ed 
260 |a Buenos Aires  |b La Nación  |c 1850 
300 |a v 
583 |a last modification  |c 20160829 03:23:34  |k Rodrigo Vera 
650 0 |a Arengas  |9 447066 
650 7 |a DICURSOS POLITICOS  |2 CL-VaPUC  |9 447067 
650 7 |a HISTORIA DE ARGENTINA SIGLO 19  |2 CL-VaPUC  |9 378483 
651 0 |a Argentina  |9 254888 
942 |c BK  |2 ddc 
945 |d 20000714 00:00:00  |a rherrera 
952 |0 0  |1 0  |4 0  |6 885_000000000000000_MIT_1850  |7 0  |8 X  |9 338198  |a BIBHIS  |b BIBHIS  |d 2019-11-20  |h v.1  |i 129976K  |o 885 MIT 1850  |p 129976K  |r 2024-01-30  |w 2019-11-20  |y BK_X  |k HIS 
952 |0 0  |1 0  |4 0  |6 885_000000000000000_MIT_1850  |7 0  |8 X  |9 338199  |a BIBHIS  |b BIBHIS  |d 2019-11-20  |h v.3  |i 1299778  |o 885 MIT 1850  |p 1299778  |r 2024-01-30  |w 2019-11-20  |y BK_X  |k HIS